00691nam a2200241 a 4500001001300000003000900013005001700022008004100039020001000080082001600090100002100106245003900127260003000166300000900196500003500205505001000240650002000250700002100270902000800291942000700299952012800306999001500434nice12345678IN_TiNIC20260116011645.0050524s1956 lona grp 000 0 eng  ac10000a225.92bPER aPerowne, Stewart aLife and Times of Herod, the Great aLondonbArrow Booksc1956 a223p aincludes index and biblioraphy2 aIndex aHerod the Great1 aPerowne, Stewart bSRS cBK 001040708StackRoom-aHMIbHMId2007-06-20g100.00l1o225.92 PERp07221r2019-07-30s2019-07-26v100.00w2005-05-24yBK c3189d3189